| 000 | 01291nam a22002657a 4500 | ||
|---|---|---|---|
| 005 | 2008111001591.0 | ||
| 008 | 081110t xxu||||| |||| 00| 0 hin d | ||
| 010 | _aHIN-84776 | ||
| 020 |
_a8190548830 _c150.00 |
||
| 035 | _aHN-57122 | ||
| 037 | _bDBAD / PUB | ||
| 040 |
_aDPL _bHN |
||
| 082 | _a500 | ||
| 100 | _aचौधरी, एम.पी. | ||
| 245 |
_aदैनिक जीवन में विज्ञान का प्रभाव / _cएम.पी. चौधरी |
||
| 246 |
_aDenik jeevan mein vigyan kaa prabhav _bM.K.Chaudhary |
||
| 260 |
_aदिल्ली _bकार्तिक प्रकाशन _c2008 |
||
| 270 |
_aम.न.ज-41, पहली मंजिल, पांडव नगर _bदिल्ली _e110092 |
||
| 300 |
_a128पृ _c22सेमी (सजिल्द) |
||
| 500 | _aअन्तर्राष्ट्रीय कामधेनू अहिंसा विश्वविद्यालय द्वारा प्रमाणित | ||
| 650 | _aविज्ञान | ||
| 650 | _aScience | ||
| 942 |
_2ddc _cHN _mचौधरी _h500 |
||
| 999 |
_c18241 _d18241 |
||